Deaths in THG trilogy Quiz Stats

Quiz not verified by Sporcle

Challenge
Share
Tweet
Embed
Score 0/50 Timer 06:00
0 Plays Today
Character Character % Correct
D2MCato
98.7%
D11FRue
98.7%
D4MFinnick Odair
96.1%
D11MThresh
94.7%
D1FGlimmer
93.4%
D2FClove
90.8%
D5FFoxface
89.5%
D1MMarvel
88.2%
CMPresident Snow
88.2%
D12FPrimrose Everdeen
88.2%
D4FMags
85.5%
D3FWiress
82.9%
CMCinna
82.9%
D2MBrutus
80.3%
D1MGloss
78.9%
D11MChaff
78.9%
D13FAlma Coin
78.9%
D1FCashmere
77.6%
D12FMadge Undersee
75%
D6MMale morphling
74%
D6FFemale morphling
74%
D8MWoof
73.7%
D11FSeeder
71.1%
D7MBlight
71.1%
D13MBoggs
71.1%
Character Character % Correct
D8FCecelia
70.4%
D12MMayor Undersee
69.7%
CFPortia
68.4%
D13FJackson
67.1%
D13MCastor
65.8%
D13FLeeg 1
64.5%
D13FLeeg 2
64.5%
D12MMr Mellark
63.2%
D12FMrs Mellark
63.2%
D12FMrs Undersee
57.9%
D13MHomes
56.8%
D12M/CMDarius
56.6%
D13MMitchell
56.6%
D8FTwill
56.6%
D12MMr Everdeen
56.6%
D8FBonnie
55.3%
D13MMessalla
53.9%
CMSeneca Crane
53.4%
D2FLyme
52.6%
D6MTitus
48.6%
D12MMr Hawthorne
47.4%
CFLavinia
43.4%
D8MEddy
32.9%
D12MPeeta Mellark's brothers
25%
D8FEddy's sister
21.1%

You're not logged in!

Compare scores with friends on all Sporcle quizzes.
Sign Up with Email
OR
Log In

You Might Also Like...

Show Comments

Extras

Top Quizzes Today


Score Distribution

Your Account Isn't Verified!

In order to create a playlist on Sporcle, you need to verify the email address you used during registration. Go to your Sporcle Settings to finish the process.

Report this User

Report this user for behavior that violates our Community Guidelines.

Details: